1862 1676 1564 1252 1001 1693 1300 1417 1620 1330 1634 1901 1698 1410 1584 1149 1220 1312 1113 1003 1640 1584 1799 1340 1298 1748 1930 1280 1901 1668 1753 1930 1643 1758 1805 1872 1457 1385 1456 1675 1396 1686 1069 1953 1656 1454 1438 1382 1624 1837 1902 1875 1163 1614 1985 1373 1711 1706 1025 1751 1279 1090 1588 1798 1614 1642 1342 1874 1775 1124 1777 1139 1557 1269 1503 1264 1225 1499 1829 1025 1930 1958 1182 1778 1319 1717 1399 1584 1701 1539 1874 1987 1159 1912 1781 1429 1603 1984 1217 BCNSPRNW ULIB Ver.6.0+V

เปลี่ยนเป็นภาษาไทย

Change to English
 แสดงรายละเอียดบรรณานุกรม
  กลับหน้าหลัก

Brief Record : Get Marc (ISO 2709) : E-mail record : QR code < ปิดหน้าต่าง
LEADER : 00000nam 2200000uu 4500
001    13399108295
003     ULIB
008    110227s2553||||th 000 0 tha d
020    9789741112593
060 04 WS100^bก723 ล.2
245 00 กุมารเวชศาสตร์ สำหรับนักศึกษาแพทย์ เล่มที่ 2 /^cบรรณาธิการ, เปรมฤดี ภูมิถาวร ... [และคนอื่น ๆ]
250    พิมพ์ครั้งที่ 1
260    กรุงเทพฯ :^bภาควิชากุมารเวชศาสตร์คณะแพทยศาสตร์โรงพยาบาลรามาธิบดี มหาวิทยาลัยมหิดล,^c2553
300    [13] ; 478 หน้า :^bภาพประกอบ ;^c27 ซม.
650  2 Disease^xin infancy & childhood
650  2 Pediatrics
650  7 กุมารเวชศาสตร์
650  7 โรคเด็ก
650  7 ผู้ป่วย^xโรคเด็ก
700 0  เปรมฤดี ภูมิถาวร,^eบรรณาธิการ
700 0  สุวัฒนื เบญจพลพิทักษ์,^eบรรณาธิการ
700 0  กาญจนา ตั้งนรารัชชกิจ,^eบรรณาธิการ
700 0  สุเทพ วาณิชย์กุล,^eบรรณาธิการ
700 0  สุรางค์ เจียมจรรยา,^eบรรณาธิการ
710 2  มหาวิทยาลัยมหิดล. ^bคณะแพทยศาสตร์โรงพยาบาลรามาธิบดี.^bภาควิชากุมารเวชศาสตร์
945    ^p500^l0^i17979
945    ^p500^l0^i17980
945    ^p500^l0^i17981
945    ^p500^l0^i17982
945    ^p500^l0^i17983
995    เกษร
999    ^aใช้งานได้ทุกระบบ
รายการนี้ยังไม่มีแท็ก
คุณยังไม่ได้ล็อกอิน คุณสามารถมีกิจกรรมร่วมกับเว็บไซต์ได้ แต่ต้องล็อกอินก่อน ::
  ล็อกอิน

รายการสื่อสารสนเทศ

ลำดับที่ ประเภท เลขเรียก/บาร์โค้ด สถานที่ สถานะ
1. วิทยาศาสตร์การแพทย์ และสุขภาพ
วิทยาศาสตร์การแพทย์ และสุขภาพ
WS100 ก723 ล.2 ฉ.4 
  Barcode: 17982
ห้องสมุดวิทยาเขตสวรรค์ประชารักษ์
►หนังสือทั่วไป
บนชั้น

รายการใกล้เคียง
    หัวเรื่อง [Pediatrics]
    หัวเรื่อง [กุมารเวชศาสตร์]
    หัวเรื่อง [โรคเด็ก]

BibComment


ยังไม่เคยถูกคอมเมนท์

คอมเมนท์ทรัพยากรรายการนี้
  คอมเมนท์: กุมารเวชศาสตร์ สำ..


 Copyright 2026. Bcnsprnw @Library